000 01149nam a22001457a 4500
999 _c7046
_d7046
050 _aP121.H63
100 _aCharles F. Hockett
245 _aA Course in Modern Linquistics
260 _aIndia
_bSurgeet Publications
_c1958
300 _aix, 620p,illus,15cm
500 _aincludes index
505 _aIntroduction: Signalling via sound: Philosophy 1 Phonology and Grammar: Levels of Patterning 123 Grammatical Systems 147 Morphononemic Systems 271 Idioms 303 Linguistic Ontegeny 353 Phylogeny 365 Linquistic Prehistory 461 Writing 539 Literature 553 Man's Place in Nature 569
650 _aLinquistics
942 _cBK